Statistics for Daddy Issues - The Neighbourhood (All Lyrics)

Click here to take the quiz!

General Stats

  • This quiz has been taken 666 times
  • The average score is 323 of 401

Answer Stats

Daddy Issues% Correct
I
99%
daddy
98%
a
97%
you
97%
Pre-ChorusYou
97%
issues
95%
Chorus | RefrainGo
94%
go
94%
go?
94%
And
93%
and
93%
to
93%
do
92%
girl
91%
know
90%
little
90%
that
90%
cry
89%
got
89%
like
89%
my
89%
what
89%
your
89%
it
88%
me
86%
ahead
85%
I'm
83%
i'm
83%
So
83%
too
82%
Whatever
81%
whatever
81%
Where
81%
on
80%
Tell
80%
tell
80%
about
79%
thinking
79%
does
78%
for
78%
OutroIf
78%
if
78%
Nobody
78%
ask
77%
you're
77%
were
76%
drug
75%
taste
75%
with
75%
have
74%
could
73%
I'd
73%
It's
73%
Verse 1Take
73%
did
72%
friend
72%
crazy
71%
I'll
71%
The
71%
the
71%
forget
70%
something
70%
But
69%
again
67%
hide
67%
tongue
67%
when
66%
how
65%
How
65%
run
65%
away
64%
never
64%
matters
62%
might
61%
much
61%
rain
60%
at
58%
came
58%
in
58%
time
57%
you'll
57%
tried
55%
boy
54%
let
54%
name
54%
sun
54%
write
52%
worst
48%
Always
46%
made
46%
comes
45%
first
45%
gotta
45%
through
45%
went
44%
didn't
42%
left
42%
now
42%
not
40%
trying
40%
hurts
39%
keep
39%
mama
37%
of
37%
out
37%
This
37%
here
36%
shade
36%
dead
34%
dying
34%
getting
33%
entirely
32%
just
30%
Half
29%
has
28%
disappeared
27%
soon
25%

Score Distribution

Percentile by Number Answered

Percent of People with Each Score

Your Score History

You have not taken this quiz